000 01175nam0a22002651 4500
001 RU\NLR\INFOCOMM_253\5000012631
005 20250613092900.0
035 _a(NLR Aleph) 009184792
090 _a8593978
_c8593978
100 _a20100320d1989 |||y0rusy50 ca
101 1 _ager
_crus
102 _aRU
105 _ay ||||000|y
200 1 _aDie Gesundheit jedes Bürgers ist Gemeingut des Gesellschaft
_eRef. des Ministers für Gesundheitswesen der UdSSR auf dem Unionskongress des Ärzte, 17. Okt. 1988
_fJewgeni Tschasow
_g[Dt. von Marta Beresina]
210 _aΜ.
_cAPN-Verl.
_d1989
215 _a32 с.
_d19 см
300 _aВ вып. дан.: Здоровье каждого - достояние общества : Докл. министра здравоохранения СССР на Всесоюзном съезде врачей, 17 окт. 1988 г. / Евгений Иванович Чазов
686 _aР11(2)
_2rubbk
700 1 _9z02790
_aČazov
_bE. I.
_f1929-
_gEvgenij Ivanovič
_4070
790 1 _9z02700
_aTschasow
_bJ.
_gJewgeni
_4070
801 1 _aRU
_bNLR
_c20100320
801 0 _aRU
_bNLR
_gPSBO
852 _aNLR
_jМд97 Д-4/939
942 _cBOOK
980 _aNB